000 005710000a22002170004500
003 LK-CoMWRAF
005 20230828221629.0
008 230817t1984 ||||| |||| 00| 0 eng d
040 _aLK-CoMWRAF
_dLK-CoMWRAF
_eLK-CoMWRAF
041 _aeng
082 _a823
_bTIL
100 _aTilak, Raghukul
110 _aNarayan, R. K.
245 _aR.K. Narayan Swami and Friends
_b(A Critical Study)
250 _aFirst Edition
260 _aIndia (New Delhi)
_bRama Brothers
_c1984
300 _a175p
650 _aEnglish Fiction
650 _aShort Stories
942 _cBK
999 _c2421
_d2421